<?xml version="1.0" encoding="UTF-8"?>
<record
    xmlns:xsi="http://www.w3.org/2001/XMLSchema-instance"
    xsi:schemaLocation="http://www.loc.gov/MARC21/slim http://www.loc.gov/standards/marcxml/schema/MARC21slim.xsd"
    xmlns="http://www.loc.gov/MARC21/slim">

  <leader>02779nam a22002777a 4500</leader>
  <controlfield tag="003">OSt</controlfield>
  <controlfield tag="005">20220927115506.0</controlfield>
  <controlfield tag="008">170609b        xxu||||| |||| 00| 0 eng d</controlfield>
  <datafield tag="010" ind1=" " ind2=" ">
    <subfield code="a">2012039468</subfield>
  </datafield>
  <datafield tag="020" ind1=" " ind2=" ">
    <subfield code="a">9781609136888</subfield>
  </datafield>
  <datafield tag="040" ind1=" " ind2=" ">
    <subfield code="c">LC</subfield>
  </datafield>
  <datafield tag="050" ind1=" " ind2=" ">
    <subfield code="a">RT98.C62</subfield>
  </datafield>
  <datafield tag="245" ind1=" " ind2=" ">
    <subfield code="a">Community &amp; public health nursing: promoting the public's health. /</subfield>
    <subfield code="c">[edited by] Judith Ann Allender, Cherie Rector, Kristine D. Warner.</subfield>
  </datafield>
  <datafield tag="250" ind1=" " ind2=" ">
    <subfield code="a">8th ed.</subfield>
  </datafield>
  <datafield tag="260" ind1=" " ind2=" ">
    <subfield code="a">Philadelphia:</subfield>
    <subfield code="b">Wolters Kluwer,</subfield>
    <subfield code="c">2014.</subfield>
  </datafield>
  <datafield tag="300" ind1=" " ind2=" ">
    <subfield code="a">xvi, 1086 p.:</subfield>
    <subfield code="b">ill.;</subfield>
    <subfield code="c">28cm.</subfield>
  </datafield>
  <datafield tag="500" ind1=" " ind2=" ">
    <subfield code="a">Includes bibliographical references and index.</subfield>
  </datafield>
  <datafield tag="505" ind1=" " ind2=" ">
    <subfield code="a">Contents: Foundations of community health nursing: The Journey begins: introduction to community health nursing -- History and evolution of community health nursing -- Setting the stage for community health nursing -- Evidence-based practice and ethics in community health nursing -- Transcultural nursing in the community -- Public health essentials for community health nursing: Structure and economics of community health services -- Epidemiology in community health care -- Communicable disease control -- Environmental health and safety -- Community health nursing toolbox: Communication, collaboration and contracting -- Health promotion: achieving change through education -- Planning and developing community programs and services -- Policy making and community health advocacy -- The Community as client: Theoretical basis of community/public health nursing -- Community as client: applying the nursing process -- Global health and international community health nursing -- Being prepared: impact of disaster, terrorism, and war -- The Family as client: Theoretical basis for promoting family health -- Working with families: applying the nursing process -- Violence affecting families -- Promoting and protecting the health of populations with developmental needs: Maternal-child health: working with perinatal, infant, toddler, and preschool clients -- School-age children and adolescents -- Adult women and men -- Older adults: Aging in place -- Promoting and protecting the health of vulnerable populations: Working with vulnerable people -- Clients with disabilities and chronic illnesses -- Behavioral health in the community -- Working with the homeless -- Issues with rural, migrant, and urban health care -- Settings for community health nursing: Public settings for community health nursing -- Private settings for community health nursing -- Clients receiving home health and hospice care -- </subfield>
  </datafield>
  <datafield tag="650" ind1=" " ind2=" ">
    <subfield code="2">Community health nursing</subfield>
  </datafield>
  <datafield tag="650" ind1=" " ind2=" ">
    <subfield code="2">Public health nursing </subfield>
  </datafield>
  <datafield tag="650" ind1=" " ind2=" ">
    <subfield code="2">Health promotion</subfield>
  </datafield>
  <datafield tag="700" ind1=" " ind2=" ">
    <subfield code="a">Allender, Judith Ann </subfield>
    <subfield code="9">451</subfield>
  </datafield>
  <datafield tag="700" ind1=" " ind2=" ">
    <subfield code="a">Rector, Cherie </subfield>
    <subfield code="9">452</subfield>
  </datafield>
  <datafield tag="700" ind1=" " ind2=" ">
    <subfield code="a">Warner, Kristine D. </subfield>
    <subfield code="9">453</subfield>
  </datafield>
  <datafield tag="942" ind1=" " ind2=" ">
    <subfield code="2">lcc</subfield>
    <subfield code="c">BK</subfield>
  </datafield>
  <datafield tag="999" ind1=" " ind2=" ">
    <subfield code="c">9232</subfield>
    <subfield code="d">16732</subfield>
  </datafield>
  <datafield tag="952" ind1=" " ind2=" ">
    <subfield code="0">0</subfield>
    <subfield code="1">0</subfield>
    <subfield code="2">lcc</subfield>
    <subfield code="4">0</subfield>
    <subfield code="7">0</subfield>
    <subfield code="a">WIUC-KL</subfield>
    <subfield code="b">WIUC-KL</subfield>
    <subfield code="c">NURS L.</subfield>
    <subfield code="d">2019-11-25</subfield>
    <subfield code="l">0</subfield>
    <subfield code="o">RT98.C62(8e)</subfield>
    <subfield code="p">KSN/575/575/19</subfield>
    <subfield code="r">2022-09-27 00:00:00</subfield>
    <subfield code="w">2022-09-27</subfield>
    <subfield code="y">BK</subfield>
  </datafield>
</record>
